000 nam a22 7a 4500
999 _c48971
_d48971
003 OSt
005 20190909131915.0
008 190909b xxu||||| |||| 00| 0 eng d
040 _cIIMT UNIVERSITY
100 _aRANDHAWA HAQVE
245 _aPHARMACEATICAL BIOCHEMISTRY
260 _aNEW DELHI
_bPEE VEE PUB
_c2018
300 _a432
942 _2ddc
_c01